书目信息 |
| 题名: |
铅循环产业链信息管理
|
|
| 作者: | 刘林娣 , 梁福明 , 王喜富 著 | |
| 分册: | ||
| 出版信息: | 北京 中国科学技术出版社 2015 |
|
| 页数: | 175页 | |
| 开本: | 26cm | |
| 丛书名: | ||
| 单 册: | ||
| 中图分类: | X758 | |
| 科图分类: | ||
| 主题词: | 铅--废物综合利用--产业链--信息管理 | |
| 电子资源: | ||
| ISBN: | 978-7-5046-6803-5 | |
| 000 | 01250nam0 2200241 450 | |
| 001 | 3730 | |
| 005 | 20160927091811.81 | |
| 010 | @a978-7-5046-6803-5@b平装@dCNY48.00 | |
| 100 | @a20151113d2015 em y0chiy50 ea | |
| 101 | 0 | @achi |
| 102 | @aCN@b110000 | |
| 105 | @aa z 000yy | |
| 200 | 1 | @a铅循环产业链信息管理@9qian xun huan chan ye lian xin xi guan li@f刘林娣,梁福明,王喜富著 |
| 210 | @a北京@c中国科学技术出版社@d2015 | |
| 215 | @a175页@c图@d26cm | |
| 330 | @a本书通过对全产业链铅资源循环利用业务过程分析,构建了由核心业务、辅助业务、增值业务构成的铅循环产业链业务体系;基于铅资源回收利用运营管理需求,设计了铅资源循环利用回收网络布局及运营方案。在分析信息技术对铅资源循环利用业务流程及业务体系影响的基础上,构建了全产业链铅资源循环利用信息服务平台架构及应用技术架构。在对铅资源循环利用运营管理与控制、“铅足迹”循环链运营管理等业务应用分析的基础上,提出了全产业链铅资源循环利用公共服务平台的建设布局、业务系统及建设内容与功能,并对其相关的信息管理系统进行了规划与设计。 | |
| 606 | 0 | @a铅@x废物综合利用@x产业链@x信息管理 |
| 690 | @aX758@v5 | |
| 701 | 0 | @a刘林娣@9liu lin di@4著 |
| 701 | 0 | @a梁福明@9liang fu ming@4著 |
| 701 | 0 | @a王喜富@9wang xi fu@f(1963~)@4著 |
| 801 | 0 | @aCN@b唐山师范学院图书馆@c20151002 |
| 905 | @aZUCC@dX758@e206 | |
| 铅循环产业链信息管理/刘林娣,梁福明,王喜富著.-北京:中国科学技术出版社,2015 |
| 175页:图;26cm |
| ISBN 978-7-5046-6803-5(平装):CNY48.00 |
| 本书通过对全产业链铅资源循环利用业务过程分析,构建了由核心业务、辅助业务、增值业务构成的铅循环产业链业务体系;基于铅资源回收利用运营管理需求,设计了铅资源循环利用回收网络布局及运营方案。在分析信息技术对铅资源循环利用业务流程及业务体系影响的基础上,构建了全产业链铅资源循环利用信息服务平台架构及应用技术架构。在对铅资源循环利用运营管理与控制、“铅足迹”循环链运营管理等业务应用分析的基础上,提出了全产业链铅资源循环利用公共服务平台的建设布局、业务系统及建设内容与功能,并对其相关的信息管理系统进行了规划与设计。 |
| ● |
| 相关链接 |
|
|
|
|
正题名:铅循环产业链信息管理
索取号:X758/206
 
预约/预借
| 序号 | 登录号 | 条形码 | 馆藏地/架位号 | 状态 | 备注 |
| 1 | 906215 | 209062155 | 第二样本阅览室/ [索取号:X758/206] | 在馆 | |
| 2 | 906216 | 209062164 | 第三借阅区/ [索取号:X758/206] | 在馆 | |
| 3 | 906217 | 209062173 | 第三借阅区/ [索取号:X758/206] | 在馆 | |
| 4 | 906218 | 209062182 | 第三借阅区/ [索取号:X758/206] | 在馆 | |
| 5 | 906219 | 209062191 | 第三借阅区/ [索取号:X758/206] | 在馆 |